Cómo Entender este Fin de Siglo /

Ensayos en torno a los antecedentes más cercanos de la ciencia, el arte y los valores actuales para pronosticar la trayectoria del final del milenio.

Gespeichert in:
Bibliographische Detailangaben
1. Verfasser: Gómez Pérez, Rafael (autor)
Format: Buch
Sprache:Spanisch
Veröffentlicht: Barcelona, España : Ediciones del Drac, 1988
Schriftenreihe:(Contrastes ; 1)
Schlagworte:
Tags: Tag hinzufügen
Keine Tags, Fügen Sie das erste Tag hinzu!

MARC

LEADER 00000nam^a2200000^a^4500
001 000025529
005 20250521000000.0
009 20260310084654.459
020 |a 84-86532-10-8 
037 |a Acervo ITESO - Biblioteca 
041 |a ESP 
082 |a 909. 83  |b GOM 
100 |a Gómez Pérez, Rafael  |e (autor) 
245 1 0 |a Cómo Entender este Fin de Siglo /  |c R. Gómez Pérez. 
264 1 |a Barcelona, España :  |b Ediciones del Drac,  |c 1988 
300 |a 164 p. 
336 |a texto  |b txt  |2 rdacontenido 
337 |a sin mediación  |b n  |2 rdamedio 
338 |a volumen  |b nc  |2 rdasoporte 
440 1 |a (Contrastes ;  |v 1) 
520 |a Ensayos en torno a los antecedentes más cercanos de la ciencia, el arte y los valores actuales para pronosticar la trayectoria del final del milenio. 
649 |a XX 
650 |a Historia Moderna 
650 |a Cultura -  |x Historia -  |y Siglo XX 
910 |a Fondo General 
920 |a Impresos - Libros 
930 |a Colección General 
905 |a 101 
901 |a 0255290100  |b IT1  |c ACC  |i 025529  |u 20250521 
902 |a https://opac.biblio.iteso.mx/vufind/Record/000025529